LEADER 01207nam a2200229 i 4500 001 000000053783 003 CaOOAMICUS 005 20090916000000.0 008 090916s1944 it u000 u ita u 013 $a24955 040 $aSeMil$bita 100 1 $aCiolini, Gino.$0(OLS)http://semarc/name/21426 245 10$aAgostino da Roma (Favaroni + 1443) e la sua Cristologia :$bEstratto dalla tesi di Laurea Facoltà Teologica della Pontificia Università Gregoriana /$cP. Gino Ciolini O. E. S. A. 260 $aFirenze :$bTip. Bruno Coppini & C.,$c1944. 300 $a92 p. ;$c23 cm. 500 $aContiene : Appendice ; Bibliografia. - In testa al front : Pontificia Universitas Gregoriana. 650 4$aCristologia - Studi.$0(OLS)http://semarc/subject/282 650 4$aTesi di laurea.$0(OLS)http://semarc/subject/1690 850 $aSeMil 852 $aSeMil$W1$xVenegono$y1$m2I I 148$j19937$B19937$CSeMilBibl$Z2$F19939 $81 996 $6245$aAgostino da Roma (Favaroni + 1443) e la sua Cristologia :$bEstratto dalla tesi di Laurea Facoltà Teologica della Pontificia Università Gregoriana$9(OLS)http://semarc/title/82968 996 $6260$aFirenze :$bTip. Bruno Coppini & C.$9(OLS)http://semarc/publisher/41636 LEADER 01814nam a2200361 i 4500 001 000000114313 003 CaOOAMICUS 005 20180115000000.0 008 180115s2000 it u000 u ita u 013 $a86999 020 $a88-372-1774-9 040 $aSeMil$bita 100 1 $aCanfora, Luciano,$d<1942- >.$0(OLS)http://semarc/name/1024 245 10$aFozio :$btra crisi ecclesiale e magistero letterario /$cLuciano Canfora, Nigel G. Wilson, Claudio Bevegni ; a cura di Giovanni Menestrina. 260 $aBrescia :$bMorcelliana,$c2000. 300 $a82 p. ;$c23 cm. 490 0 $aLetteratura cristiana antica 500 $aIn testa al front.: Accademia roveretana degli Agiati. - Contributi presentati al Convegno tenuto a Rovereto nel 1999. 650 4$aFozio .$0(OLS)http://semarc/subject/45740 700 1 $aAccademia roveretana degli Agiati.$0(OLS)http://semarc/name/93028 700 1 $aMenestrina, Giovanni,$d<1946- >.$0(OLS)http://semarc/name/45977 700 1 $aBevegni, Claudio.$0(OLS)http://semarc/name/47795 700 1 $aWilson, Nigel G. <1935- >.$0(OLS)http://semarc/name/93029 774 0 $tRogo dei libri di Fozio.$w()329915 774 0 $tFozio e le due culture. Spunti dall'epistolario.$w()329916 774 0 $tFozio, Eunomio e i Padri Cappadoci.$w()329917 830 0$aLetteratura cristiana antica.$0(OLS)http://semarc/title/8308 850 $aSeMil 852 $aSeMil$W1$xVenegono$y1$m2TA C 10$j228350$B69892$CSeMilBibl$Z2$F75356 $81 961 $aRecupero: Seminario di Seveso 996 $6020$a88-372-1774-9$9(OLS)http://semarc/number/97564 996 $6245$aFozio :$btra crisi ecclesiale e magistero letterario$9(OLS)http://semarc/title/407591 996 $6260$aBrescia :$bMorcelliana$9(OLS)http://semarc/publisher/29629